000
00249nam a2200097Ia 4500
008
120527s9999 xx 000 0 und d
100
_a
NUC
245
_a
Approved academic programmes in Nigeria Universities August 2005.
260
_b
NUC
942
_c
BK
999
_c
25265
_d
25265